| 000 | 01411nam a2200229 a 4500 | ||
|---|---|---|---|
| 008 | 120416s1987 ||||||||||||||||| || u | ||
| 020 | _a0538014903 | ||
| 050 | _aHF 5635 Ess | ||
| 100 | _aCarlson, Arthur E | ||
| 245 | 1 | 0 | _aEssentials of accounting. (6th ed.) |
| 250 | _a6th ed. | ||
| 260 |
_aCincinnati, Ohio _bSouth-Western _c1987 |
||
| 300 | _aviii, 267p. : ill | ||
| 350 | _a0.00 | ||
| 650 | 0 | _aACCOUNTING--HANDBOOKS, MANUALS, ETC | |
| 995 |
_aMAIN LIBRARY OPEN ACCESS _D0.00 _e005480 _FCBU-MAIN LIBRARY (Kitwe) _H1 _I18.60 _jHF 5635 Ess _M3 _UAVAILABLE _y005480 _ZMain Library Open Access Collection |
||
| 995 |
_aANNEX COLLECTION (Main Library) _D0.00 _e005478 _FCBU-MAIN LIBRARY (Kitwe) _H3 _I18.60 _jHF 5635 Ess _M1 _UAVAILABLE _y005478 _ZAnnex Low-Usage Collection |
||
| 995 |
_aMAIN LIBRARY OPEN ACCESS _D0.00 _e005479 _FCBU-MAIN LIBRARY (Kitwe) _H2 _I18.60 _jHF 5635 Ess _M2 _UAVAILABLE _y005479 _ZMain Library Open Access Collection |
||
| 995 |
_aTEXTBOOKS (MIN.ENG.) _D0.00 _e3541 _FCBU-SCHOOL TEXTBOOK COLLECTIONS _H1 _I0.00 _jSCHOOL TEXTBOOK _M1 _UAVAILABLE _WAug 13, 2009 _y3541 _ZSchool Collections |
||
| 995 |
_aTEXTBOOKS (MIN.ENG.) _D0.00 _e03550 _FCBU-SCHOOL TEXTBOOK COLLECTIONS _H1 _I0.00 _jSCHOOL TEXTBOOK _M5 _UAVAILABLE _WAug 6, 2009 _y03550 _ZSchool Collections |
||
| 995 |
_aANNEX COLLECTION (Main Library) _D0.00 _e005481 _FCBU-MAIN LIBRARY (Kitwe) _H4 _I18.60 _jHF 5635 Ess _M4 _UAVAILABLE _y005481 _ZAnnex Low-Usage Collection |
||
| 999 |
_c62826 _d62826 |
||